Normal view
MARC view
Entry Topical Term
001 - CONTROL NUMBER
- control field: 41178
003 - CONTROL NUMBER IDENTIFIER
- control field: ARRUPE
005 - DATE AND TIME OF LATEST TRANSACTION
- control field: 20180328112414.0
008 - FIXED-LENGTH DATA ELEMENTS
- fixed length control field: 180328|| aca||aabn | a|a d
040 ## - CATALOGING SOURCE
- Original cataloging agency: ARRUPE
- Transcribing agency: ARRUPE
150 ## - HEADING--TOPICAL TERM
- Topical term or geographic name as entry element: Sustainable development
- General subdivision: Developing countries
- General subdivision: Case studies
670 ## - SOURCE DATA FOUND
- Source citation: Work cat.: (ARRUPE): Pelt, Michiel J.F. Van 41177, Sustainability-oriented project appraisal for developing countries , 1993